000 01409nam a22003977a 4500
003 CHAP
005 20220817040909.0
008 971013s1990 r 00010 d
010 _a2350
011 _a3322
035 _a2522
040 _cCHAP
090 _aTesis
100 0 0 _aGonzález Saucedo, José Juan.
_949409
245 _aProducción de carne bajo pastoreo en una pradera asociada gramínea (Dactylis glomerata L. Var. Potomac) y leguminosa (Medicago sativa L. Var. Valenciana) en Chapingo, Edo. de México: Segunda fase
260 _aChapingo, Méx. :
_bEl Autor,
_c1990
300 _a152 h.
500 _aD45-133
502 _aTesis (Ing. Agr. Esp. en Zootecnia) -- UACH. Departamento de Zootecnia
590 _aALEPH
_b10
_c20130110
_lUCH01
_h1212
590 _aBATCH-UPD
_b10
_c20130110
_lUCH01
_h1537
590 _aBATCH-UPD
_b10
_c20130410
_lUCH01
_h0941
590 _aBATCH-UPD
_b10
_c20130914
_lUCH01
_h0228
590 _aBATCH-UPD
_b10
_c20130914
_lUCH01
_h1903
590 _aCONVERSION
_b10
_c20130109
_lUCH01
_h1303
650 1 4 _aAlfalfa.
650 1 4 _aCarne
_xProducción.
_919109
650 1 4 _aCultivos asociados.
_930370
650 1 4 _aDactylis glomerata.
_930865
650 1 4 _aGanado vacuno
_xPastoreo.
_945502
650 1 4 _aPastoreo.
_985984
700 0 _aHernández Martínez, Ramiro.
_954310
901 _aBK
942 _cTESIS
949 _bBC
_cTES
_d-12023
_eTS1
_h24387
_i2522
_si
999 _c2350
_d2350